Long Leases (Scotland) Bill (Record no. 111421)
[ view plain ]
| 000 -LEADER | |
|---|---|
| fixed length control field | 01172cad a22002415a 4500 |
| 001 - CONTROL NUMBER | |
| control field | E151524 |
| 008 - FIXED-LENGTH DATA ELEMENTS--GENERAL INFORMATION | |
| fixed length control field | 101115s2010 xxk f s000 0 eng d |
| 020 ## - INTERNATIONAL STANDARD BOOK NUMBER | |
| International Standard Book Number | 9781406169447 |
| 035 ## - SYSTEM CONTROL NUMBER | |
| System control number | (Sirsi) u151524 |
| 041 0# - LANGUAGE CODE | |
| Language code of text/sound track or separate title | eng |
| 110 2# - MAIN ENTRY--CORPORATE NAME | |
| Corporate name or jurisdiction name as entry element | Scotland |
| Subordinate unit | Scottish Government |
| 9 (RLIN) | 5344 |
| 245 00 - TITLE STATEMENT | |
| Title | Long Leases (Scotland) Bill |
| Remainder of title | as introduced |
| Medium | [electronic resource] |
| 260 ## - PUBLICATION, DISTRIBUTION, ETC. | |
| Place of publication, distribution, etc. | [Edinburgh] |
| Name of publisher, distributor, etc. | Scottish Parliamentary Corporate Body |
| Date of publication, distribution, etc. | 2010 |
| 490 #0 - SERIES STATEMENT | |
| Series statement | SP Bill |
| Volume/sequential designation | (61) |
| 520 ## - SUMMARY, ETC. | |
| Summary, etc. | A Bill introduced on 10 November 2010 which will convert certain long leases into ownership, and as a consequence create separate tenements in relation to certain rights of game and fishing. Also provides for certain rights and obligations to be converted into real burdens, for former owners to be compensated, and allows tenants of qualifying long leases to opt out of conversion. |
| 521 ## - TARGET AUDIENCE NOTE | |
| Target audience note | Advanced |
| 590 ## - LOCAL NOTE (RLIN) | |
| Local note | KA |
| 650 24 - SUBJECT ADDED ENTRY--TOPICAL TERM | |
| Topical term or geographic name entry element | LONG LEASES (SCOTLAND) BILL |
| 651 #4 - SUBJECT ADDED ENTRY--GEOGRAPHIC NAME | |
| Geographic name | Scotland |
| Chronological subdivision | 1999- |
| 690 ## - LOCAL SUBJECT ADDED ENTRY--TOPICAL TERM (OCLC, RLIN) | |
| Topical term or geographic name as entry element | Landlord and tenant |
| 9 (RLIN) | 6252 |
| 856 40 - ELECTRONIC LOCATION AND ACCESS | |
| Uniform Resource Identifier | <a href="https://www.scottish.parliament.uk/s3/bills/61-LongLeases/index.htm">https://www.scottish.parliament.uk/s3/bills/61-LongLeases/index.htm</a> |
| Public note | View the Bill free of charge at www.scottish.parliament.uk |
| 942 ## - ADDED ENTRY ELEMENTS (KOHA) | |
| Suppress in OPAC | 0 |
| Withdrawn status | Lost status | Source of classification or shelving scheme | Damaged status | Not for loan | Home library | Current library | Shelving location | Date acquired | Total Checkouts | Full call number | Barcode | Date last seen | Copy number | Price effective from | Koha item type |
|---|---|---|---|---|---|---|---|---|---|---|---|---|---|---|---|
| Dewey Decimal Classification | Virtual | Virtual | Online | 15/11/2010 | ONLINE PUBLICATION | 151524-2001 | 06/08/2019 | 1 | 06/08/2019 | Book |